000 01173nam a2200301 c 4500
003 BLK
005 20180422112431.0
008 180409b bul|||||r ||||||| ||bul||
010 _aKNG00149003000
040 _aBLK
041 _aBUL
_cBUL
080 _aБългарска литература
_b821.163.2
_x-93-1
_z821.163.2-93-1
100 1 _aСтоянов, Васил Иванов
_eпърви автор
_9367533
700 1 _aМаринов, Радослав
_eхудож.
_9368258
139 _aСтоянов, Васил Иванов
_bС 83
245 1 0 _aХапе ли?
_bСтихчета : За предучилищна възраст
_cВасил Иванов Стоянов; худож. Радослав Маринов.
257 _aBGR
260 София
_bНар. младеж
_c1964
300 _a16 с.
_bс ил.
_c16 см
380 _aDX
490 1 _aПърви АБ книжки
_v2/20
500 _a60 000 тир.
852 _aЦб І 35023
856 4 _qpdf
_u
856 4 _qpdf
_u
942 _cKNG
_n0
944 _aCR
_c08.08.2013
_l08.08.2013 - от С1,Р / 08.08.2013
_kАйшегюл_Сабриева
944 _aED
_c08.08.2013
_l08.08.2013 - от С1,Р / 08.08.2013
_k
999 _c142900
_d142900